000 00484nam a2200169Ia 4500
008 210210b2001 xxu||||| |||| 00| 0 eng d
020 _a81 7014 828 6
082 _a001.424 KAPO
100 _aKAPOOR (V K) and KAPOOR (Sumant).
245 _aOperations research: Techniques for management. Ed 7.
250 _a
260 _aNew Delhi.
_bSultan Chand & Sons
_c2001
300 _a10,A-51
650 _aOperations Research, OR
690 _aOperations Research
906 _a056473
999 _c103816
_d103816